Election of 1848 Trivia - Statistics

General Stats
  • This quiz has been taken 26 times
  • The average score is 17 of 22
Answer Stats
Hint Answer % Correct
Their party Democrat
100%
Their party Whig
100%
Victor Zachary Taylor
100%
Their running mate Millard Fillmore
90%
Their home state New York
90%
States in which this was their first election Texas
90%
State with the largest margin(40%) Texas
90%
Two future presidents who campaigned for the victor Abraham Lincoln
85%
Their party Free Soil
80%
Iowa
80%
Their home state Louisiana
80%
Third party candidate who won 10% of the vote Matin Van Buren
80%
Their home state Michigan
80%
Rutherford B Hayes
80%
Florida
70%
Another major third party Liberty
70%
Wisconsin
70%
Opponent Lewis Cass
65%
State with the smallest margin (1%) Alabama
55%
Their running mate Charles F Adams
50%
Their running mate William O Butler
40%
Native American
35%
No matching quizzes found
Score Distribution
Percent of People with Each Score
Percentile by Number Answered
Your Score History
You have not taken this quiz